Loading...
Literature - British Literature | 2 | 2 | 1 | 1 | 45 | 16 | 88.00 | 1 | 3 |
Religion | 0 | 3 | 0 | 0 | 30 | 112 | 134.33 | 0 | 1 |
History - American History | 0 | 2 | 0 | 1 | 20 | 144 | 145.00 | 0 | 0 |
Fine Arts - Other Arts | 0 | 2 | 0 | 2 | 20 | 138 | 146.00 | 0 | 1 |
Literature - American Literature | 1 | 0 | 0 | 0 | 15 | 48 | 48.00 | 1 | 1 |
Literature - European Literature | 0 | 1 | 0 | 1 | 10 | 148 | 148.00 | 0 | 0 |
History - Other History | 0 | 1 | 0 | 0 | 10 | 125 | 125.00 | 0 | 0 |
Literature - World Literature | 0 | 1 | 0 | 1 | 10 | 153 | 153.00 | 0 | 0 |
Other Culture | 0 | 1 | 0 | 0 | 10 | 158 | 158.00 | 0 | 0 |
Philosophy | 0 | 1 | 0 | 1 | 10 | 146 | 146.00 | 0 | 0 |
Fine Arts - Painting and Sculpture | 0 | 0 | 0 | 0 | 0 | 0.00 | 0 | 0 | |
Social Science | 0 | 0 | 0 | 0 | 0 | 0.00 | 0 | 0 | |
History - European History | 0 | 0 | 1 | 0 | -5 | 0.00 | 0 | 0 | |
Mythology | 0 | 0 | 1 | 0 | -5 | 0.00 | 0 | 0 |